000 00320 a2200109 4500
001 ART_48483
005 20260410161631.0
008 260409a
245 1 0 _aEl estado de flijo de efectivo en moneda homogénea
100 1 _aTorres, Carlos Federico
773 0 _tEnfoques
_g- N°2 (feb. 2019)
_wREV416
999 _c12445
_d12445